000 00659nam a2200217Ia 4500
005 20250508163841.0
008 008 250505s9999 xx 000 0 eng d
020 _a0-304-70519-5
037 _aReference
040 _aFEDL
_beng
_cFEDL
041 _aeng
_2eng
084 _a371.4, DEC
_qFEDL
100 _aDecker Steve...( et al) Ed.
_9776548
245 0 _aTaking children seriously: Applications of counselling and Therapy in education
260 _aLondon, UK
_bCassell
_c1999
300 _axviii,268p
365 _aGBP
_b17.99
650 _aGuidance and counselling
_9769662
942 _cREF
_h371.4, DEC
999 _c1385599
_d1385599